Carregando...
Sree Ramakrishna vachanaamritham
| Principais autores: | , |
|---|---|
| Formato: | Printed Book |
| Publicado em: |
Thrissur, Sree Ramakrishna Madham
1968
|
| coleção: | 3
|
| LEADER | 005020000a22001570004500 | ||
|---|---|---|---|
| 040 | |a MAL | ||
| 082 | |a 922 RAM 32 K8.3 | ||
| 100 | |a Mahendranatha Gupthan | ||
| 100 | |a Siddhinathaananda Swami; Tr | ||
| 245 | |a Sree Ramakrishna vachanaamritham | ||
| 260 | |a Thrissur, Sree Ramakrishna Madham | ||
| 260 | |c 1968 | ||
| 465 | |a R 60 | ||
| 490 | |a 3 | ||
| 999 | |c 26470 |d 26470 | ||
| 952 | |0 0 |1 0 |4 0 |6 922_RAM_320000000000000_K8_3 |7 0 |8 MAL |9 26306 |a MGUL |b MGUL |d 2013-07-16 |e R 60 |l 0 |o 922 RAM 32 K8.3 |p 26038 |r 2013-07-16 |w 2013-07-16 |y BK | ||